Statistiken für Idiotentest

Klicken Sie hier um das Quiz zu spielen!

Allgemein

  • Dieses Quiz wurde 81 mal gespielt
  • Das Durchschnittsergebnis liegt bei 6 aus 15

Antwortstatistiken

HintAntwort% Korrekt
Berlin schreibt man am Anfang mit "B" und hinten mit "h". Stimmt das?Ja
82%
Einige Monate haben 31 Tage, andere 30. Wie viele Monate haben 28 Tage?Alle
76%
Du hast eine Streichholzschachtel und kommst in einen leeren kalten Raum, in dem nichts als eine Petroleumlampe, ein Kamin und ein Ölofen vorfindest. Was zündest du zuerst an?Das Streichholz
72%
Was liegt in der Mitte von Rom?Das O
65%
Was war am 06.12.1989 in Berlin?Nikolaus
64%
Auf einer Stange sitzen 10 Tauben. Ein Jäger schießt eine Taube ab. Wie viele sitzen noch da?0
51%
Womit fängt der Tag an und hört die Nacht auf?mit dem T
47%
Du hast ein Haus, bei dem alle Wände nach Süden zeigen. Es kommt ein Bär vorbei.
Welche Farbe hat er?
Weiß
42%
Wie oft kann man 1 von 20 abziehen?1mal
30%
Wer geht über ein Feld und bewegt sich dennoch nicht?Der Wind
28%
In einem See schwimmt ein Seerosen-Teppich. Jeden Tag verdoppelt sich seine Fläche. nach 48 Tagen ist er zur Hälfte bedeckt. Nach wie vielen Tagen ist er ganz Bedeckt?Nach 49 Tagen
26%
Wie viele Tiere nahm Moses mit auf die Arche?keine weil es Noah war
18%
Heißt es die, der oder das gerade Kurve?Seit wann gibt es gerade Kurven
14%
Gibt es in England den 17. Juni?Natürlich
12%
Ein Ziegenbock steht auf der Grenze. Wer darf ihn melken?man kann keinen Ziegenbock Melken
5%

Verteilung der Resultate

Perzentil nach korrekt beantworteten Fragen

Anzahl Personen mit jedem Resultat

Ihre Resultats-Entwicklung

Sie haben dieses Quiz noch nicht gespielt